Gajlaan Bhai Nand Lal (Record no. 38888)
[ view plain ]
| 000 -LEADER | |
|---|---|
| fixed length control field | 00277nam a22001097a 4500 |
| 008 - FIXED-LENGTH DATA ELEMENTS--GENERAL INFORMATION | |
| fixed length control field | 240719b |||||||| |||| 00| 0 eng d |
| 100 ## - MAIN ENTRY--PERSONAL NAME | |
| Personal name | Nand Lal |
| 245 ## - TITLE STATEMENT | |
| Title | Gajlaan Bhai Nand Lal |
| 260 ## - PUBLICATION, DISTRIBUTION, ETC. | |
| Place of publication | Chnadigarh: |
| Name of publisher | Guru Govind Singh Foundation; |
| Year of publication | - |
| 300 ## - PHYSICAL DESCRIPTION | |
| Number of Pages | - |
| 942 ## - ADDED ENTRY ELEMENTS (KOHA) | |
| Koha item type | Books |
| Accession Number | Lost status | Damaged status | Price effective from | Koha item type | Not for loan | Withdrawn status | Home library | Current library | Shelving location | Date acquired | Source of acquisition | Cost, normal purchase price |
|---|---|---|---|---|---|---|---|---|---|---|---|---|
| 6788 | 12/27/2022 | Books | Withdrawn | RCL | RCL | General Stacks | 12/27/2022 | DDC | 8.00 |


